00725nam a2200253 a 4500001001300000003000900013005001700022008004100039020001000080082001900090100001600109245005700125260003100182300000900213500003500222505001000257650002300267650001300290700001600303902000800319942000700327952012000334999001700454nice12345678IN_TiNIC20260116013551.0050524s1986 laha grp 000 0 eng  ac15000a330.09549bNAS aNaseem, S M aUnderdevelopment, Poverty and Inequality in Pakistan aLahorebVanguard Pubc1986 a322p aincludes index and biblioraphy2 aIndex aEconomics-Pakistan aPakistan1 aNaseem, S M bSRS cBK 001040708StackRoom-aHMIbHMId2007-04-25g150.00l0o330.09549 NASp016669r2007-04-25v150.00w2005-05-24yBK c11501d11501